ბათუმის შოთა რუსთაველის სახელმწიფო უნივერსიტეტის ბიბლიოთეკა

აქციე შენი კლინიკა ბრენდად : (ბიბ.ჩანაწერი № 57398)

000 -ლიდერი
ფიქსირებული სიგრძის საკონტროლო ველი 01789nam a22002657a 4500
003 - საკონტროლო ნომრის იდენტიფიკატორი
საკონტროლო ველი GE_BSU
005 - ბოლო ოპერაციის თარიღი და დრო
საკონტროლო ველი 20220623141621.0
008 - ფიქსირებული სიგრძის მონაცემთა ელემენტები - ზოგადი ინფორმაცია
ფიქსირებული სიგრძის საკონტროლო ველი 200615s2020 ge ||||| |||| 00| 0 geo d
020 ## - წიგნის საერთაშორისო სტანდარტული ნომერი
International Standard Book Number 9789941816321
041 ## - ენის კოდი
Language code of text/sound track or separate title geo
080 ## - უნივერსალური ათობითი კლასიფიკაციის ინდექსი
Universal Decimal Classification number 616.1+005 ა-54
100 ## - მთავარი ჩანაწერი - პიროვნების სახელი
Personal name ალხანიშვილი, ზურაბ
9 (RLIN) 8430
245 ## - ცნობა სათაურის შესახებ
Title აქციე შენი კლინიკა ბრენდად :
Remainder of title სტომატოლოგიური კლინიკების მენეჯმენტი /
Statement of responsibility, etc ზურაბ ალხანიშვილი, ქეთევან გოგილაშვილი; თანაავტ-ბი გ. ტაბაღუა, ნ. გვასალია, ა. ჩიქოვანი და სხვ.რედ. ქეთევან აბრამიშვილი.; თსუ.
264 ## - წარმოების, გამოცემის, დისტრიბუციის და სხვა ცნობები
გამოცემის, წარმოების, დისტრიბუციის... ადგილი თბილისი:
გამოცემის, წარმოების, დისტრიბუციის... სახელწოდება თბილისის უნივერსიტეტის გამომცემლობა,
გამოცემის, წარმოების, დისტრიბუციის... თარიღი 2020.
300 ## - ფიზიკური აღწერა
Extent 480 გვ.
Other physical details 28 სმ. ილ.
653 ## - INDEX TERM--UNCONTROLLED
Uncontrolled term მედიცინა
653 ## - INDEX TERM--UNCONTROLLED
Uncontrolled term სტომატოლოგია
653 ## - INDEX TERM--UNCONTROLLED
Uncontrolled term სტომატოლოგიური კლინიკების მენეჯმენტი
700 ## - ADDED ENTRY--PERSONAL NAME
Personal name გოგილაშვილი, ქეთევან
Relator term ავტორი
9 (RLIN) 3387
700 ## - ADDED ENTRY--PERSONAL NAME
Personal name ტაბაღუა, გვანცა
Relator term თანაავტ.
9 (RLIN) 8431
700 ## - ADDED ENTRY--PERSONAL NAME
Personal name გვასალია, ნინო
Relator term თანაავტ.
9 (RLIN) 8432
700 ## - ADDED ENTRY--PERSONAL NAME
Personal name შიქოვანი, ალექსი სა სხვ.
Relator term თანაავტ.
9 (RLIN) 8433
710 ## - ADDED ENTRY--CORPORATE NAME
Corporate name or jurisdiction name as entry element ივ. ჯავახიშვილის სახელ. თბილისის სახ. უნ-ტი
9 (RLIN) 8434
942 ## - ADDED ENTRY ELEMENTS (KOHA)
Source of classification or shelving scheme
Koha item type წიგნი
ეგზემპლარები
ჩამოწერის სტატუსი დაკარგული ეგზემპლარის სტატუსი კლასიფიკაციის წყარო ან თაროზე გაწყობის სქემა დაზიანების სტატუსი არ გაიცემა მუდმივი მდებარეობა (დაცვის ადგილი) ამჟამინდელი ადგილსამყოფელი თაროზე განთავსების ადგილი შეძენის თარიღი ღირებულება, შესყიდვის ნორმალური ფასი სრული შენახვის შიფრი შტრიხკოდი ბოლო ოპერაციის თარიღი ეგზემპლარის მიმდევრობითი ნომერი (კეტერი?) ფასის ძალაში შესვლის თარიღი ეგზემპლარის სახეობა საჯარო შენიშვნა
          ბათუმის შოთა რუსთაველის სახელმწიფო უნივერსიტეტის მთავარი ბიბლიოთეკა ბათუმის შოთა რუსთაველის სახელმწიფო უნივერსიტეტის მთავარი ბიბლიოთეკა წიგნსაცავი 2020-06-15 25.00 616.1+005 ა-54 29197 2020-06-15 29197 2020-06-15 წიგნი 25 ლ.
          ბათუმის შოთა რუსთაველის სახელმწიფო უნივერსიტეტის მთავარი ბიბლიოთეკა ბათუმის შოთა რუსთაველის სახელმწიფო უნივერსიტეტის მთავარი ბიბლიოთეკა წიგნსაცავი 2022-06-23 136.00 616.1+005 ა-54 62860 2022-06-23 62860 2022-06-23 წიგნი 136.00